000 00785nam a2200265 i 4500
001 C2-0267937
003 PPAK
005 20210530111630.0
008 060808s2005 my a j | 0 may d
020 _a9834203357
_qpaperback
040 _aPPAK
_beng
_cPPAK
_erda
082 0 4 _a297.18
_223
090 0 0 _a297.18
_bABD
_dK
100 0 _aAbdullah A.M.,
_eauthor.
245 1 0 _aTujuh pemuda yang kental imannya /
_cAbdullah A.M.
264 1 _aKuala Lumpur :
_bTulus Ilmu,
_c2005
300 _a30 pages :
_bcolour illustrations ;
_c27 cm
336 _2rdacontent
_atext
337 _2rdamedia
_aunmediated
338 _2rdacarrier
_avolume
490 1 _aKoleksi bacaan sejarah Islam
650 1 0 _aIslamic stories, Malay.
830 0 _aKoleksi bacaan sejarah Islam
942 _cB
_2ddc
999 _c76836
_d76836